Personnages du Qui-est-ce ? - Statistiques

Statistiques générales
  • Ce quiz a été pris 77 fois
  • Le résultat moyen est 9 sur 24
Statistiques - réponses
Hint Réponse % Correct
cheveux blancs, petit nez et lunettes Paul
63%
femme, cheveux noirs et frisés, petite bouche Anne
49%
blond à lunettes, petite nez, petite bouche Joe
48%
brun à gros nez, yeux bleuset joues rouges Robert
48%
femme, cheveux longs bruns, chapeau Maria
45%
barbu aux cheveux noirs frisés et joues rouges Philip
45%
blond à chapeau et bouche fine Eric
42%
chauve à lunettes, petit nez, petite bouche Sam
42%
chauve à lunettes, petite bouche et petit nez Tom
40%
blond à grosse bouche et moustache Charles
38%
brun à gros nez et chapeau Bernard
37%
chauve à barbe rousse, petit nez et joues rouges Bill
37%
femme blonde aux joues rouges Anita
35%
femme rousse à lunettes et chapeau Claire
35%
cheveux noirs, moustache, petit nez Alex
32%
cheveux blancs, chapeau et bouche fine George
32%
cheveux noirs et frisés, gros nez, grosse bouche, moustache Max
32%
cheveux blancs, gros nez, grosse bouche, yeux bleus Peter
32%
roux aux cheveux longs et moustache Alfred
31%
femme, cheveux blancs, joues rouges Susan
29%
chauve brun à moustache et barbe Richard
28%
blond barbu à petit nez David
26%
chauve roux à gros nez Herman
26%
Roux aux yeux bruns et petit nez Frans
17%
Aucun quiz correspondant
Distribution des résultats
% des personnes avec chaque résultat
Percentile par nombre de réponses
Votre historique - résultats
Vous n’avez pas pris ce quiz